[Event "Challenge"]
[Site "http://www.queenalice.com/game.php?id=573932"]
[Date "2009.4.18"]
[Round "-"]
[White "lspires"]
[Black "garca"]
[Result "0-1"]
[WhiteElo "1980"]
[BlackElo "1799"]

1. e4 e5 2. Nf3 d6 3. d4 exd4 4. Nxd4 Be7 5. Nc3 Nf6 6. Bc4 h6 7. O-O Bd7 8. h3
Nc6 9. Be3 Nxd4 10. Qxd4 Bc6 11. f4 O-O 12. Rad1 Re8 13. e5 dxe5 14. Qxe5 Bd6
15. Qd4 Qe7 16. Rde1 b6 17. Qd2 Rad8 18. Qf2 Bb4 19. Bxb6 Qd7 20. Rd1 Qc8 21.
Bd4 Bxc3 22. bxc3 Ne4 23. Qh4 Bd5 24. Bd3 c5 25. c4 cxd4 26. cxd5 Nc3 27. Rde1
Nxd5 28. f5 f6 29. a3 Qc3 30. Qf2 Ne3 31. Bb5 Re5 32. Bd3 Rde8 33. Qf3 Nxf1 34.
Rxe5 Rxe5 35. Bxf1 Qxf3 36. gxf3 Rxf5 37. Kg2 Ra5 0-1

[Event "Let's Play Chess!"]
[Site "http://www.queenalice.com/game.php?id=579731"]
[Date "2009.4.29"]
[Round "-"]
[White "lspires"]
[Black "pgrzelak"]
[Result "1/2-1/2"]
[WhiteElo "1943"]
[BlackElo "1931"]

1. e4 e5 2. Nf3 Nc6 3. Bc4 Nf6 4. d4 exd4 5. O-O Bb4 6. c3 dxc3 7. bxc3 Be7 8.
e5 Ng4 9. Re1 d6 10. exd6 cxd6 11. Bg5 O-O 12. Bxe7 Nxe7 13. Na3 d5 14. Bd3 Bf5
15. Nd4 Bxd3 16. Qxd3 Nc6 17. Qg3 Nxd4 18. Qxg4 Ne6 19. Re3 Qg5 20. Qxg5 Nxg5
21. Re5 Ne4 22. c4 Nc3 23. cxd5 Rfe8 24. Rae1 Rxe5 25. Rxe5 Rc8 26. d6 Ne4 27.
Kf1 Nxd6 28. Rd5 Ne4 29. Nb5 a6 30. Nd4 Rc1+ 31. Ke2 Nc3+ 32. Kd2 Nxd5 33. Kxc1
Nf4 34. Kd2 Nxg2 35. a4 Kf8 36. a5 g6 37. Nb3 Ke7 38. Nc5 Kd6 39. Nxb7+ Kd5 40.
Kc3 Nf4 41. f3 f5 42. h4 Ng2 43. Kb4 Nxh4 44. Nc5 Nxf3 45. Nxa6 Nd4 46. Nc7+ Kc6
47. Na6 f4 48. Kc4 f3 49. Nb4+ Kb7 50. Nd5 Nc6 51. Kd3 Nxa5 52. Ke3 g5 53. Kxf3
h5 54. Nf6 h4 55. Kg4 Nc4 56. Kxg5 h3 57. Ng4 Ne3 58. Kh4 Nxg4 59. Kxh3 Nf2+
1/2-1/2

[Event "Challenge"]
[Site "http://www.queenalice.com/game.php?id=582164"]
[Date "2009.5.3"]
[Round "-"]
[White "lspires"]
[Black "nightw0lf"]
[Result "0-1"]
[WhiteElo "1967"]
[BlackElo "2078"]

1. e4 e6 2. d4 d5 3. Nd2 c5 4. Ngf3 Nc6 5. dxc5 Bxc5 6. exd5 exd5 7. Nb3 Be7 8.
Bb5 Nf6 9. Nfd4 Bd7 10. O-O O-O 11. Bd3 Ne5 12. Be2 a6 13. Re1 Ng6 14. Bf4 Nxf4
15. Bf3 Bc6 16. Qd2 Ng6 17. Na5 Qc7 18. Qc3 Bd6 19. Naxc6 bxc6 20. Qxc6 Bxh2+
21. Kh1 Qxc6 22. Nxc6 Bd6 23. Nd4 Rfe8 24. Nf5 Be5 25. c3 Rab8 26. Rab1 h5 27.
Nd4 Bxd4 28. cxd4 Rxe1+ 0-1

[Event "Challenge"]
[Site "http://www.queenalice.com/game.php?id=590857"]
[Date "2009.5.19"]
[Round "-"]
[White "Gloria"]
[Black "lspires"]
[Result "1-0"]
[WhiteElo "2066"]
[BlackElo "1968"]

1. f4 e5 2. e4 exf4 3. Bc4 d6 4. d4 Qh4+ 5. Kf1 Bg4 6. Nf3 Bxf3 7. Qxf3 Nh6 8.
Bxf4 f6 9. Nc3 Nc6 10. Nb5 Kd7 11. h3 g5 12. g3 g4 13. hxg4 Qxg4 14. Qe3 Re8 15.
Rh4 Qg6 16. Bxh6 Bxh6 17. Rxh6 Qg4 18. Re1 f5 19. Rh4 Qg6 20. Qf4 Rhf8 21. e5 a6
22. Rh6 Qg7 23. Qh4 Re7 24. exd6 Rxe1+ 25. Kxe1 Kc8 26. Be6+ Kb8 27. Rxh7 Qg6
28. dxc7+ Ka8 29. c8=Q+ Rxc8 30. Bxc8 axb5 31. Bxb7+ 1-0

[Event "Challenge"]
[Site "http://www.queenalice.com/game.php?id=592470"]
[Date "2009.5.23"]
[Round "-"]
[White "lspires"]
[Black "Carl_Flemming"]
[Result "1-0"]
[WhiteElo "1964"]
[BlackElo "1966"]

1. e4 c6 2. d4 d5 3. e5 Bf5 4. Bd3 Bg6 5. f4 e6 6. Nf3 Qb6 7. O-O c5 8. c3 Nc6
9. Kh1 Bh5 10. Be2 Bxf3 11. Bxf3 Nge7 12. dxc5 Qxc5 13. Nd2 Nf5 14. Nb3 Qb6 15.
Qd3 Be7 16. Bxd5 O-O-O 17. c4 exd5 18. Qxf5+ Kb8 19. cxd5 Rxd5 20. Qxf7 Qf2 21.
Bd2 Qe2 22. Qxd5 Rd8 23. Qf3 Rxd2 24. Nxd2 Qxd2 25. Rfd1 Qb4 26. Qd5 Qxf4 27.
Rac1 Qg4 28. Qb3 Nd8 29. Qg8 Qg5 30. Qe8 a6 31. Qd7 Ka7 32. Rc8 Ne6 33. Qxe6 Bb4
34. Qc4 Ba5 35. b4 Bb6 36. e6 Qh5 37. Rf1 Qe5 38. Qf4 Qxe6 39. Qb8# 1-0

[Event "Challenge"]
[Site "http://www.queenalice.com/game.php?id=606242"]
[Date "2009.6.20"]
[Round "-"]
[White "garca"]
[Black "lspires"]
[Result "0-1"]
[WhiteElo "1792"]
[BlackElo "1980"]

1. e4 e5 2. Nf3 f5 3. exf5 e4 4. Qe2 Qe7 5. Ng1 Nf6 6. d3 d5 7. g4 h6 8. f3 Nc6
9. Bg2 Bd7 10. Be3 d4 11. Bc1 e3 12. c3 O-O-O 13. cxd4 Qb4+ 14. Nc3 Nxd4 15. Qd1
Nd5 16. Ne2 Nxe2 17. Qxe2 Nxc3 18. Qc2 Nd5+ 19. Kd1 e2+ 20. Kxe2 Re8+ 21. Kf2
Bc5+ 22. Kg3 h5 23. Bd2 Qb6 24. Rhf1 Qd6+ 25. f4 Ne3 26. Bxe3 Rxe3+ 27. Rf3 hxg4
28. Rxe3 Bxe3 29. Rf1 Qh6 0-1

[Event "Challenge"]
[Site "http://www.queenalice.com/game.php?id=610185"]
[Date "2009.6.28"]
[Round "-"]
[White "blikinn"]
[Black "lspires"]
[Result "1-0"]
[WhiteElo "1934"]
[BlackElo "1991"]

1. d4 Nf6 2. c4 e5 3. dxe5 Ng4 4. Nf3 Bc5 5. e3 Nc6 6. Qb3 Ngxe5 7. Be2 Nxf3+ 8.
gxf3 Qf6 9. Bd2 O-O 10. Nc3 Na5 11. Qb5 Qb6 12. Ne4 Qxb5 13. cxb5 Bb6 14. b4 d5
15. bxa5 1-0

[Event "Desafio #1"]
[Site "http://www.queenalice.com/game.php?id=610848"]
[Date "2009.6.29"]
[Round "-"]
[White "Aylton"]
[Black "lspires"]
[Result "1/2-1/2"]
[WhiteElo "1903"]
[BlackElo "1970"]

1. d4 Nf6 2. Nf3 g6 3. c4 Bg7 4. Nc3 O-O 5. e3 d6 6. h3 Nbd7 7. Be2 e5 8. O-O h6
9. b3 Ne8 10. Bb2 f5 11. Rc1 Nef6 12. dxe5 Nxe5 13. Nxe5 dxe5 14. Qxd8 Rxd8 15.
Rfd1 Bd7 16. f3 Bc6 17. Kf2 e4 18. f4 g5 19. Nb5 Bxb5 20. cxb5 Nd5 21. Bxg7 Kxg7
22. Rc5 c6 23. bxc6 bxc6 24. Rxc6 gxf4 25. exf4 Nxf4 26. Rxd8 Rxd8 27. Rc7+ Kg6
28. Ke3 Nxg2+ 29. Kf2 Nf4 30. Rxa7 Kg5 31. Bf1 Rd2+ 32. Ke1 Rb2 33. Bc4 Nxh3 34.
a4 Kf4 35. a5 Ke3 36. Kd1 Nf4 37. Kc1 Ra2 38. Kb1 Rd2 39. a6 Nd3 40. Rb7 Rd1+
41. Ka2 Rd2+ 42. Ka3 Nc1 43. b4 Rd8 44. Rh7 Kd4 45. Bb5 e3 46. Rxh6 Nd3 47. a7
e2 48. Re6 e1=Q 49. Rxe1 Nxe1 50. Bc6 Kc4 51. a8=Q Rxa8+ 52. Bxa8 Nc2+ 53. Kb2
Nxb4 54. Kc1 f4 55. Kd2 Kd4 56. Ke2 Ke5 57. Kf3 Nc2 58. Bb7 Nd4+ 59. Kf2 Ne6 60.
Kf3 Ng5+ 61. Kf2 Kd4 62. Ba8 Kd3 63. Bb7 Ne4+ 64. Kf3 1/2-1/2

[Event "Desafio #2"]
[Site "http://www.queenalice.com/game.php?id=610850"]
[Date "2009.6.29"]
[Round "-"]
[White "lspires"]
[Black "Aylton"]
[Result "0-1"]
[WhiteElo "1988"]
[BlackElo "1944"]

1. e4 c5 2. c3 e6 3. d4 cxd4 4. cxd4 d5 5. e5 Nc6 6. f4 a6 7. a3 Nge7 8. b4 Qb6
9. Nf3 Nf5 10. Bb2 a5 11. b5 Na7 12. Nc3 Bd7 13. a4 Bb4 14. Be2 O-O 15. g4 Ne3
16. Qd2 Nxg4 17. Rg1 f5 18. exf6 Nxf6 19. Bd3 Nh5 20. Ne5 Be8 21. Ba3 Nxf4 22.
Bxb4 axb4 23. Ne2 Nxd3+ 24. Qxd3 Nxb5 25. Qg3 g6 26. Rd1 Rxa4 27. h4 Rf5 28. Qg4
Nc3 29. Nxc3 bxc3 30. Nf3 c2 31. Rc1 Qb3 32. Kf2 Ra3 33. Rg3 Qe3+ 0-1

[Event "Challenge"]
[Site "http://www.queenalice.com/game.php?id=612966"]
[Date "2009.7.3"]
[Round "-"]
[White "trolldetroy"]
[Black "lspires"]
[Result "0-1"]
[WhiteElo "2031"]
[BlackElo "1973"]

1. e4 e5 2. Nf3 f5 3. exf5 e4 4. Qe2 Qe7 5. Nd4 Qe5 6. c3 d5 7. d3 Nf6 8. g3 Bd6
9. Bf4 Qe7 10. Bxd6 Qxd6 11. Bg2 O-O 12. O-O c5 13. Nb5 Qc6 14. N5a3 Bxf5 15.
dxe4 Bxe4 16. Bxe4 Nxe4 17. Nd2 Nd7 18. Nxe4 dxe4 19. Rfe1 Rae8 20. Nc4 Rf3 21.
Ne3 b5 22. Rad1 Ne5 23. Rd2 Nd3 24. Rf1 Ref8 25. Nd1 c4 26. b3 e3 27. Rxd3 cxd3
0-1

[Event "Challenge"]
[Site "http://www.queenalice.com/game.php?id=612967"]
[Date "2009.7.3"]
[Round "-"]
[White "lspires"]
[Black "trolldetroy"]
[Result "1-0"]
[WhiteElo "1982"]
[BlackElo "1986"]

1. e4 e5 2. Bc4 Nf6 3. d4 exd4 4. Nf3 Bb4+ 5. c3 dxc3 6. bxc3 Bc5 7. e5 Qe7 8.
O-O Ne4 9. Qd5 Nxf2 10. Rxf2 Bxf2+ 11. Kxf2 O-O 12. Ba3 Qe6 13. Qe4 Qb6+ 14. Kf1
d6 15. Ng5 g6 16. exd6 cxd6 17. Nxf7 Rxf7+ 18. Bxf7+ Kxf7 19. Qd5+ Kg7 20. Bxd6
Nd7 21. Nd2 Nf6 22. Qe5 Bf5 23. Qd4 Qxd4 24. cxd4 Ng4 25. h3 Ne3+ 26. Kf2 Nc2
27. Rc1 Rd8 28. Be5+ Kh6 29. Nf3 Rd7 30. Bf4+ Kg7 31. Be5+ Kf8 32. Ke2 Nb4 33.
g4 Nxa2 34. Rc8+ Ke7 35. gxf5 gxf5 36. Rh8 Ke6 37. Ng5+ Kd5 38. Nxh7 Kc4 39. Nf6
Rg7 40. d5 Re7 41. Rc8+ Kb5 42. Re8 Nc3+ 43. Kd3 Rxe8 44. Nxe8 Nxd5 45. Nd6+ Kb4
46. Nxf5 a5 47. h4 a4 48. h5 a3 49. h6 a2 50. h7 Nf4+ 51. Kc2 Ka3 52. h8=Q Ng6
53. Bb2+ 1-0

[Event "Desafio #3"]
[Site "http://www.queenalice.com/game.php?id=616340"]
[Date "2009.7.10"]
[Round "-"]
[White "Aylton"]
[Black "lspires"]
[Result "0-1"]
[WhiteElo "1995"]
[BlackElo "1955"]

1. f4 e5 2. d3 Bd6 3. fxe5 Bxe5 4. Nf3 Nc6 5. Nxe5 Nxe5 6. Nc3 d6 7. e4 Bg4 8.
Be2 Qh4+ 9. g3 Qh3 10. Bxg4 Nxg4 11. Qe2 N8f6 12. Bd2 c6 13. O-O-O O-O 14. Rdf1
Rae8 15. Qf3 Re6 16. Ne2 d5 17. Nf4 dxe4 18. dxe4 Nxh2 19. Nxh3 Nxf3 20. Rxf3
Nxe4 21. Ng5 Nxg5 22. Bxg5 Rfe8 23. Rhf1 f6 24. Bd2 Re2 25. Kd1 Rg2 26. c3 Ree2
27. Bc1 Kf7 28. Re1 Rc2 29. Rfe3 g5 30. Re7+ Kg6 31. Rxb7 Rcf2 32. Rxa7 Rxg3 33.
Rc7 Rd3+ 34. Bd2 Rdxd2+ 35. Kc1 Rc2+ 36. Kb1 Rxb2+ 37. Ka1 Rxa2+ 38. Kb1 Rfb2+
39. Kc1 Rc2+ 40. Kb1 Rab2+ 41. Ka1 Rb3 42. Rxc6 Rbxc3 43. Rce6 Rc1+ 44. Kb2 Rxe1
45. Rxe1 Rc6 0-1

[Event "Desafio #4"]
[Site "http://www.queenalice.com/game.php?id=616341"]
[Date "2009.7.10"]
[Round "-"]
[White "lspires"]
[Black "Aylton"]
[Result "1/2-1/2"]
[WhiteElo "1956"]
[BlackElo "1941"]

1. e4 c5 2. c3 e6 3. d4 cxd4 4. cxd4 d5 5. e5 Nc6 6. Nf3 a6 7. a3 f6 8. Nc3 fxe5
9. Nxe5 Nf6 10. Bg5 h6 11. Bh4 g5 12. Bg3 Bg7 13. Be2 O-O 14. O-O Qb6 15. Nxc6
Qxc6 16. Rc1 Qd7 17. Na4 b5 18. Nb6 Qb7 19. Nxa8 Qxa8 20. Bf3 Bb7 21. Qe1 Re8
22. Rc7 g4 23. Be2 h5 24. Qb1 Ne4 25. Be5 Bxe5 26. dxe5 Qb8 27. Qc1 Rc8 28.
Rxc8+ Bxc8 29. f3 Qb6+ 30. Kh1 Nf2+ 31. Rxf2 Qxf2 32. Qxc8+ Kf7 33. Qd7+ Kf8 34.
Qd8+ Kg7 35. Qf6+ Kg8 36. Qxe6+ Kf8 37. Qc8+ Ke7 38. Qc7+ Kf8 39. Qd8+ Kg7 40.
Qf6+ 1/2-1/2

[Event "Challenge"]
[Site "http://www.queenalice.com/game.php?id=641514"]
[Date "2009.8.24"]
[Round "-"]
[White "gmsanti"]
[Black "lspires"]
[Result "0-1"]
[WhiteElo "2181"]
[BlackElo "1973"]

1. Nf3 c5 2. g3 Nc6 3. Bg2 e5 4. O-O g6 5. c4 Bg7 6. Nc3 Nge7 7. d3 O-O 8. Be3
d6 9. Qc1 Nf5 10. Bg5 Qe8 11. Ne4 Qe6 12. Bh3 f6 13. Bd2 Qe7 14. Bg2 Nfd4 15.
Nxd4 Nxd4 16. e3 Ne2+ 17. Kh1 Nxc1 18. Raxc1 f5 19. Nc3 Rb8 20. Nb5 a6 21. Nc3
Be6 22. Bd5 e4 23. dxe4 Bxc3 24. Bxc3 Bxd5 25. exd5 Qe4+ 0-1

[Event "Challenge"]
[Site "http://www.queenalice.com/game.php?id=641515"]
[Date "2009.8.24"]
[Round "-"]
[White "lspires"]
[Black "gmsanti"]
[Result "0-1"]
[WhiteElo "1997"]
[BlackElo "2110"]

1. e4 e5 2. Nf3 Nc6 3. Bc4 Nf6 4. d4 exd4 5. O-O Bc5 6. e5 d5 7. exf6 dxc4 8.
Ng5 Qxf6 9. Re1+ Be7 10. Na3 Be6 11. Nxe6 fxe6 12. Nxc4 O-O 13. f4 Bd6 14. Nxd6
cxd6 15. Bd2 Rf7 16. c3 dxc3 17. Bxc3 Qxf4 18. Kh1 Raf8 19. h3 Qg3 20. Qe2 e5
21. Rad1 Rf2 22. Qc4+ Kh8 23. Qd5 R8f4 24. Rg1 Ne7 25. Qxd6 Rxg2 26. Rxg2 Qxh3+
27. Kg1 Qe3+ 28. Kh1 Rh4+ 29. Rh2 Qf3+ 0-1

[Event "Let's Play Chess!"]
[Site "http://www.queenalice.com/game.php?id=660865"]
[Date "2009.10.1"]
[Round "-"]
[White "Bergman"]
[Black "lspires"]
[Result "1-0"]
[WhiteElo "2829"]
[BlackElo "1984"]

1. e4 e5 2. d4 exd4 3. c3 d5 4. Qxd4 Nc6 5. Qxd5 Be6 6. Qxd8+ Rxd8 7. Be3 Nf6 8.
f3 Ne5 9. Nd2 Be7 10. Nh3 O-O 11. Nf4 1-0

[Event "Let's Play Chess!"]
[Site "http://www.queenalice.com/game.php?id=662871"]
[Date "2009.10.5"]
[Round "-"]
[White "alesciulli"]
[Black "lspires"]
[Result "1-0"]
[WhiteElo "1978"]
[BlackElo "1998"]

1. e4 e5 2. Nf3 f5 3. Nxe5 Nc6 4. Qh5+ g6 5. Nxg6 Nf6 6. Qxf5 d6 7. Qg5 Rg8 8.
Nc3 Rxg6 9. Qh4 Rg4 10. Qxg4 Bxg4 11. f3 Bd7 12. Bc4 Qe7 13. b3 Nd4 14. Bd3
O-O-O 15. Bb2 c5 16. O-O-O 1-0

[Event "Let's Play Chess!"]
[Site "http://www.queenalice.com/game.php?id=662875"]
[Date "2009.10.5"]
[Round "-"]
[White "lspires"]
[Black "alesciulli"]
[Result "0-1"]
[WhiteElo "1981"]
[BlackElo "1995"]

1. e4 c5 2. d4 cxd4 3. c3 dxc3 4. Nxc3 Nc6 5. Nf3 d6 6. Bc4 e6 7. O-O Be7 8. Bf4
a6 9. Rc1 b5 10. Nxb5 axb5 11. Bxb5 e5 12. Bxc6+ Bd7 13. Bxa8 exf4 14. Bc6 Bxc6
15. Rxc6 Nh6 16. e5 d5 0-1

[Event "Challenge"]
[Site "http://www.queenalice.com/game.php?id=716097"]
[Date "2010.1.19"]
[Round "-"]
[White "lelinho"]
[Black "lspires"]
[Result "0-1"]
[WhiteElo "1963"]
[BlackElo "1955"]

1. d4 d5 2. c4 e5 3. cxd5 Qxd5 4. e3 Nc6 5. Nf3 Bb4+ 6. Bd2 Bxd2+ 7. Qxd2 exd4
8. Nxd4 Nxd4 9. exd4 Nf6 10. Nc3 Qe6+ 11. Be2 O-O 12. O-O Nd5 13. Bc4 c6 0-1

[Event "Challenge6"]
[Site "http://www.queenalice.com/game.php?id=724109"]
[Date "2010.2.1"]
[Round "-"]
[White "lspires"]
[Black "jorm"]
[Result "1-0"]
[WhiteElo "1966"]
[BlackElo "1855"]

1. e4 c5 2. d4 cxd4 3. c3 Nc6 4. cxd4 d5 5. Nc3 dxe4 6. d5 Nb8 7. Nge2 f5 8. Ng3
Bd7 9. Bg5 h6 10. Qh5+ g6 11. Qxg6# 1-0

[Event "Challenge"]
[Site "http://www.queenalice.com/game.php?id=773112"]
[Date "2010.5.9"]
[Round "-"]
[White "lat47"]
[Black "lspires"]
[Result "1-0"]
[WhiteElo "1801"]
[BlackElo "1978"]

1. e4 e5 2. Nf3 Nc6 3. c3 d5 4. Qe2 dxe4 5. Qxe4 Nf6 6. Qa4 Bd7 7. Qc2 Bd6 8. d3
h6 9. h3 O-O 10. Be2 Re8 11. Nbd2 1-0